Finančný a operatívny lízing áut

Obstarávanie motorového vozidla formou finančného lízingu. Výhody a nevýhody. Nájomné pri finančnom lízingu. Automobil a operatívny lízing. Príklady.

Enregistré dans:
Détails bibliographiques
Auteur principal: Kocián, Ľudovít
Format: Chapitre de livre
Langue:slovaque
Sujets:
Tags: Ajouter un tag
Pas de tags, Soyez le premier à ajouter un tag!

MARC

LEADER 00000naa$a2200000$$$4500
001 0004580
005 20231009074628.8
041 0 |a slo 
044 |a SK 
245 1 0 |a Finančný a operatívny lízing áut  |c aut. Ľudovít Kocián 
520 |a Obstarávanie motorového vozidla formou finančného lízingu. Výhody a nevýhody. Nájomné pri finančnom lízingu. Automobil a operatívny lízing. Príklady. 
610 2 0 |a lízing finančný 
610 2 0 |a lízing operatívny 
610 2 0 |a automobily 
100 1 |a Kocián, Ľudovít